00289nam a2200121Ia 4500008004100000041001200041082001600053100001600069245002000085260003800105300000800143650001600151221030s9999 xx 000 0 und d aEnglish a105.23bWil aA. Williams 0aMFC Black Book bComdex ComputersaNew Delhic1998 a565 aBE Computer